000
00298nam a2200133Ia 4500
008
150301s2015 xx 000 0 und d
082
_a
615.4
_b
P14A
100
_a
AGARWAL , S.P
245
_a
PHYSICAL PHARMACY
260
_b
CBS- DELHI
300
_a
330
650
_a
PHARMACY
942
_2
ddc
_c
BK
_0
18
999
_c
7111
_d
7111